Vida y poesía de Francisco Pérez de Grandallana (Record no. 136006)

MARC details
000 -LEADER
campo de control de longitud fija 00976nam a2200217 4500
001 - NÚMERO DE CONTROL
campo de control 136006
003 - IDENTIFICADOR DE NÚMERO DE CONTROL
campo de control ES-MaACL
005 - FECHA Y HORA DE LA ÚLTIMA TRANSACCIÓN
campo de control 20251122063128.0
007 - CAMPO FIJO DE DESCRIPCIÓN FÍSICA--INFORMACIÓN GENERAL
campo de control de longitud fija t|
008 - DATOS DE LONGITUD FIJA--INFORMACIÓN GENERAL
campo de control de longitud fija 070214s1971 sp r ||||1| spa d
100 ## - ENTRADA PRINCIPAL--NOMBRE DE PERSONA
Nombre de persona Ruiz Lagos, Manuel,
Fechas asociadas al nombre 1939-2015
9 (RLIN) 233639
245 10 - MENCIÓN DEL TÍTULO
Título Vida y poesía de Francisco Pérez de Grandallana
Resto del título : conmemoración del centenario de la muerte del poeta jerezano, 1813-1870 /
Mención de responsabilidad, etc. Manuel Ruiz Lagos ; prólogo, Tomás García Figueras.
260 ## - PUBLICACIÓN, DISTRIBUCIÓN, ETC.
Lugar de publicación, distribución, etc. Jerez de la Frontera :
Nombre del editor, distribuidor, etc. Centro de Estudios Históricos Jerezanos,
Fecha de publicación, distribución, etc. 1971.
300 ## - DESCRIPCIÓN FÍSICA
Extensión 186 p., 5 lám. ;
Dimensiones 25 cm.
490 1# - MENCIÓN DE SERIE
Mención de serie Publicaciones del Centro de Estudios Históricos Jerezanos. 3ª serie ;
Designación de volumen o secuencia 2
700 1# - ENTRADA AGREGADA--NOMBRE PERSONAL
Nombre de persona García Figueras, Tomás.
9 (RLIN) 54615
710 2# - ENTRADA AGREGADA--NOMBRE DE ENTIDAD CORPORATIVA
Nombre de entidad corporativa o nombre de jurisdicción como elemento de entrada Centro de Estudios Históricos Jerezanos.
9 (RLIN) 2647
830 0# - PUNTO DE ACCESO ADICIONAL DE SERIE-TÍTULO UNIFORME
Título uniforme Publicaciones del Centro de Estudios Históricos Jerezanos. 3ª serie ;
Designación de volumen o secuencia 2
9 (RLIN) 219965
852 ## - LOCALIZACIÓN
Ubicación ES-MaACL
Número de control de estantería C-37607
Sublocalización o colección R.78746
Holdings
Estatus retirado Estado de pérdida Estado de daño No para préstamo Biblioteca de origen Biblioteca actual Ubicación en estantería Fecha de adquisición Fuente de adquisición Total de préstamos Signatura topográfica completa Código de barras Visto por última vez Precio de reemplazo Tipo de ítem Koha
        Biblioteca del Ateneo de Madrid Biblioteca del Ateneo de Madrid Depósito 2 17/01/2008     C-37607 1141553 23/02/2023 23/02/2023 Libro impreso